[Event "SG Jasmund-Weisse Dame HH"]
[Site "?"]
[Date "2020.09.12"]
[Round "5.4"]
[White "Asmussen, Johann"]
[Black "Yakhnin, Georgy"]
[Result "0-1"]
[WhiteElo "1262"]
[BlackElo "1036"]
[PlyCount "130"]
[EventDate "2020.??.??"]
[WhiteTeam "SG Jasmund"]
[BlackTeam "Weisse Dame HH"]

1. e4 c5 2. Nf3 d6 3. Nc3 Nc6 4. Bb5 a6 5. Bc4 e6 6. d4 b5 7. Be2 cxd4 8. Nxd4
Bb7 9. O-O Nf6 10. Bg5 h6 11. Bh4 Be7 12. Bf3 O-O 13. e5 Nd5 14. Bxe7 Qxe7 15.
Nxd5 exd5 16. Bxd5 Nxd4 17. Bxb7 Nxc2 18. Bxa8 Nxa1 19. exd6 Qf6 20. Bb7 Rb8
21. d7 g6 22. Qxa1 Rxb7 23. Qd1 Qd8 24. Qf3 Rxd7 25. h3 a5 26. Qb3 b4 27. a3
bxa3 28. bxa3 Rd3 29. Qb2 a4 30. Rc1 Rd1+ 31. Kh2 Rxc1 32. Qxc1 Qd6+ 33. g3 Kh7
34. Qe3 Kg7 35. f3 Qd1 36. Kg2 Qb3 37. Qc1 Qa2+ 38. Kf1 g5 39. Ke1 Kg6 40. Qc6+
Qe6+ 41. Qxe6+ fxe6 42. Kd2 Kf5 43. Kc3 h5 44. Kb4 g4 45. hxg4+ hxg4 46. f4 Ke4
47. Kxa4 Kf3 48. Kb5 Kxg3 49. f5 exf5 50. a4 f4 51. Kc4 f3 52. Kd3 f2 53. Ke2
Kg2 54. a5 f1=Q+ 55. Kd2 Qf3 56. a6 Qa8 57. Ke1 Qxa6 58. Kd1 Qa7 59. Ke1 Qf2+
60. Kd1 Kf3 61. Kc1 Ke3 62. Kb1 Qd2 63. Ka1 Kd3 64. Kb1 Kc3 65. Ka1 Qb2# 0-1